[Event "Morelia/Linares 24th"]
[Site "Morelia/Linares"]
[Date "2007.03.02"]
[Round "8"]
[White "Morozevich, Alexander"]
[Black "Carlsen, Magnus"]
[Result "1/2-1/2"]
[WhiteElo "2741"]
[BlackElo "2690"]
[Annotator "Marin,Mihail"]
[PlyCount "83"]
[EventDate "2007.02.17"]
[EventType "tourn"]
[EventRounds "14"]
[EventCountry "ESP"]
[EventCategory "20"]
[SourceTitle "CBM 117"]
[Source "ChessBase"]
[SourceDate "2007.03.30"]
[SourceVersion "1"]
[SourceVersionDate "2007.03.30"]
[SourceQuality "1"]

1. e4 {Caruana,Fabiano} e5 2. Nf3 Nc6 3. Bb5 a6 4. Ba4 Nf6 5. O-O Nxe4 6. d4 b5 7. Bb3 d5 8. dxe5 Be6 9. c3 Be7 10. Nbd2 Nc5 11. a4 {Morozevich is faithful to himself by playing a very rare move in a well known position. In the Ruy Lopez, White usually does not part with his light-squared bishop so easily.} ({RR} 11. Nd4 Nxe5 12. Bc2 ({RR} 12. f4 Nc4 13. f5 Bd7 14. Nxc4 bxc4 15. Bc2 O-O 16. Qf3 c6) 12... Qd6 13. N2b3 ({RR} 13. f4 Nc6) ({RR} 13. b4 Na4) 13... Ne4 ({RR} 13... Bg4 14. f3 Nxb3 15. axb3 Bd7 16. f4 ({RR} 16. Bf4 O-O 17. Re1 Bf6) 16... Ng4) 14. Bf4 g5 15. Bxe5 Qxe5 16. Re1 Bd6 17. g3 Qf6 18. Bxe4 dxe4 19. Rxe4 O-O 20. Nxe6 fxe6 21. Qe2) ({RR} 11. Nd4 Nxe5 12. Bc2 Qd6 13. N2b3 Bg4 14. f3 Nxb3 15. Nxb3 Bd7 16. Be3 O-O 17. Bc5 Qe6 18. Bxe7 Qxe7 19. Qxd5 Bc6 20. Qc5 Qxc5+ 21. Nxc5 a5 22. a4 bxa4 23. Bxa4 Rfb8 24. Rfe1 Bxa4 25. Rxa4 Ng6 {Huschenbeth,N (2600)-Stevic,H (2531) Hamburg GER 2025 ½-½ (45)}) 11... Nxb3 $146 ({RR} 11... O-O 12. axb5 axb5 13. Rxa8 Qxa8 14. Bc2 b4 15. Nd4 bxc3 16. bxc3 Nxd4 17. cxd4 Nd7 18. Nf3 Bg4 19. Qd3 g6 20. Bh6 Re8 21. Qc3 Qc8 22. Ng5 Bf8 23. Bxf8 Nxf8 24. Ba4 Bd7 25. Bb3 Ne6 26. Nxe6 {Sulc,G (2035)-Dokmanovic,N Zadar 1995 ½-½ (41)}) ({RR} 11... b4 12. Nd4 Nxb3 ({RR} 12... Nxd4 13. cxd4 Nxb3 ({RR} 13... Nd3 14. Nf3 Nxc1 15. Rxc1) 14. Nxb3 O-O 15. Be3 Qd7 16. Qd2) ({RR} 12... Nxe5 13. cxb4 ({RR} 13. Re1 Ned3) ({RR} 13. Qh5 Qd6) ({RR} 13. f4 Ned3 14. f5) 13... Nxb3 14. N2xb3) ({RR} 12... Qd7 13. Bc2 ({RR} 13. Nxc6 Qxc6 14. cxb4 Nxb3) 13... bxc3 14. bxc3 Nxe5 ({RR} 14... O-O 15. f4) 15. f4 Bg4 16. Qe1 Ned3 17. Qg3 ({RR} 17. Qe3 Nxc1 18. Raxc1 O-O 19. h3 Bh5 20. g4 Bxg4 21. hxg4 Qxg4+ 22. Kh2) 17... Nxc1 18. Raxc1 O-O 19. Rce1 ({RR} 19. f5 Bg5 20. Rf2 h5 21. h3 Ne4 22. Nxe4 Bxc1 23. Nd2 Bxd2 24. Rxd2 c5 25. hxg4 cxd4) 19... Bh5 ({RR} 19... Bf6 20. f5 Bh5 21. Qh3 g6 22. g4) ({RR} 19... f5 20. h3 Bh5 21. Nxf5 Bf6 22. Re7) ({RR} 19... Rfe8 20. h3 Bh5 21. Re5 Bg6 22. f5 Bd6 23. Rxe8+ Rxe8 24. Qf3) ({RR} 19... g6 20. f5 ({RR} 20. Rxe7 Qxe7 21. Qxg4 Qe3+ 22. Rf2 Qxc3) ({RR} 20. h3 Bh5 21. Nf5 Bf6) 20... Bh5 21. f6 ({RR} 21. Qh3 Bg5 22. Nb1) ({RR} 21. Qf4) 21... Bd6 22. Qg5 Rfe8 ({RR} 22... Kh8 23. Re7 Bxe7 24. fxe7) 23. Bf5 Qd8 24. Nc6 Rxe1 25. Nxd8 Rxf1+ 26. Nxf1 Rxd8 27. g4) ({RR} 19... Rae8 20. f5 ({RR} 20. h3 Bh5 21. Re5 Bg6 22. f5 Bd6) 20... Bg5 ({RR} 20... h5 21. h3 Bd6 22. Qf2) 21. Nb1 Rxe1 22. Rxe1 Re8 23. h3 Rxe1+ 24. Qxe1 Bh5 25. g4) 20. Re5 ({RR} 20. Nf5 Bf6) ({RR} 20. Bf5 Qd6) 20... Bg6 21. f5 Bd6 22. fxg6 ({RR} 22. Rxd5 Bxg3 23. Rxd7 Nxd7 24. fxg6 Bd6 25. gxf7+ Rxf7 26. Bb3 Raf8 27. Ne4 Nc5 28. Nxc5 Bxc5) 22... fxg6 23. Rxd5 Rxf1+ ({RR} 23... Bxg3 24. Rxd7 Bxh2+ 25. Kxh2 Nxd7 26. Rd1) 24. Kxf1 ({RR} 24. Nxf1 Bxg3 25. Rxd7 Bxh2+ 26. Kxh2 Nxd7) 24... Rf8+ 25. N2f3 Bxg3 26. Rxd7 Nxd7 27. hxg3) 13. Nxc6 ({RR} 13. N2xb3 Qd7 14. f4 Nxd4 15. cxd4 ({RR} 15. Nxd4 c5 16. f5 cxd4 17. fxe6 Qxe6 18. cxd4 O-O) ({RR} 15. Qxd4 Rb8 ({RR} 15... bxc3 16. bxc3 O-O 17. Ba3) 16. Be3 ({RR} 16. Nc5 Qc6) 16... O-O 17. Nc5 Bxc5 18. Qxc5 bxc3 19. Qxc3 Bf5) 15... O-O 16. Be3 a5 17. Qd2 Bf5 18. Rfc1 Ra6) 13... Qd7 14. Nxb3 ({RR} 14. Nxe7 Nxa1) 14... Qxc6 15. cxb4 ({RR} 15. Nd4 Qd7) 15... Bxb4 16. Be3 O-O 17. f4 Qd7 18. Bc5 ({RR} 18. Nc5 Bxc5 19. Bxc5 Rfb8 20. b4 d4) 18... Rfb8 19. Bxb4 ({RR} 19. Qd4 a5) 19... Rxb4 20. Nc5 Qe7 ({RR} 20... Qc6 21. Nd3 ({RR} 21. Rc1 Bf5 22. b3) 21... Rd4 22. f5 Bd7 23. Qf3 ({RR} 23. e6 fxe6 24. f6) 23... Qb6 24. Kh1) ({RR} 20... Qc8 21. Qf3 ({RR} 21. f5 Bxf5 22. Qxd5 Be6 23. Nxe6 fxe6) ({RR} 21. Qd2 Rab8 22. b3 d4)) 21. Nd3 Rd4 22. f5 Bd7 23. Qf3 ({RR} 23. f6 gxf6 ({RR} 23... Qe6 24. Qf3 Qf5 ({RR} 24... Qg4 25. Rac1 ({RR} 25. Nc5) 25... Qxf3 26. Rxf3 Bxa4 ({RR} 26... Ra7 27. Nc5) 27. Rxc7 Bb5 28. e6 fxe6 29. Rxg7+ Kh8 30. Ne5) ({RR} 24... Rb8 25. Nc5 Qc6 26. fxg7) ({RR} 24... Qb6 25. a5 Qa7 26. Kh1) 25. Nc5 ({RR} 25. Qxf5 Bxf5 26. Nc5 g6 27. Rfd1 Rc4 28. Rac1 Rxc1 29. Rxc1 a5 30. Nb7) 25... Qxf3 26. Rxf3 Bg4 27. Rg3 g6 28. Rc1) ({RR} 23... Qf8 24. Qf3 Rb8 25. b4) 24. Rxf6 ({RR} 24. exf6 Qe3+) 24... c5 ({RR} 24... Kh8 25. Qf3 Be6 26. Nf4) ({RR} 24... Qf8 25. Qf3 Qg7 26. Nc5 Bg4 27. Qe3) ({RR} 24... Rb8 25. Qd2 ({RR} 25. Qc2) 25... Rb3 ({RR} 25... Qxe5 26. Nxe5 Rxd2 27. Nxd7 Rbxb2 28. Kh1 Rxg2 29. Rg1 Rxg1+ 30. Kxg1 d4 31. Rf4 d3 32. Rg4+ Kh8 33. Nf6 Rb8 34. Kf2) 26. Qg5+ Kh8 27. Nf4 ({RR} 27. e6 Bxe6 28. Nf4)) 25. Qf3 c4 26. Nf4 Re4 ({RR} 26... Qxe5 27. Qg3+ Kh8 28. Ng6+) 27. Rf1 Qxe5 28. Qg3+ ({RR} 28. Nxd5 Bg4) ({RR} 28. Rxf7 Bf5 ({RR} 28... Kxf7 29. Nd3+ Qf5 30. Qh5+ Kf6 31. Qh6+ Ke7 32. Qg7+ Kd6 33. Qg3+ Ke7 34. Rxf5 Bxf5 35. Nc5) 29. Rb7 ({RR} 29. Nd3 Qd4+ 30. Kh1 Kxf7 31. Qxf5+ Kg8 32. Nc5) 29... Rf8 ({RR} 29... Kh8 30. Qf2) 30. Qg3+ Bg6 31. Rxh7 Qd4+ 32. Kh1 Kxh7 33. Qxg6+ Kh8 34. Qh6+ Kg8 35. Qxf8+ Kxf8 36. Ne6+ Kg8 37. Nxd4 Rxd4) 28... Kh8 29. Rxf7 Be6 ({RR} 29... Rg8 30. Qh4 ({RR} 30. Rxh7+ Kxh7 31. Qh4+ Kg7 32. Nh5+ Kh8) ({RR} 30. Qf2) 30... Bf5 31. Qf2 ({RR} 31. Qf6+ Qxf6 32. Rxf6 Re5 33. Rxa6 d4) 31... d4 32. g3 Bg4 ({RR} 32... d3 33. Nh5 Bg6 34. Rf8) 33. Nd5 Re2 34. Qf6+ Qxf6 35. Nxf6) 30. Re7 ({RR} 30. Nxe6 Qxg3 31. hxg3 Rxe6) 30... Qd4+ 31. Kh1 Qf6 32. Qc3 Qxc3 ({RR} 32... d4 33. Qf3 Rxf4 34. Qxa8+ Bg8 35. Rxf4 Qxf4 36. h3 Qc1+ 37. Kh2 Qf4+ 38. g3 Qf2+ 39. Qg2) 33. bxc3 Bg8 34. Rxe4 dxe4 35. Kg1 Rb8 36. Kf2 Rb3 37. Rc1 Ra3) 23... f6 ({RR} 23... Rb8 24. Rae1 ({RR} 24. f6) 24... Rb3 25. Re3 f6 26. exf6 Qxf6 27. Nc5 Rxe3 28. Qxe3) 24. Rfe1 ({RR} 24. e6 Bxa4 25. Qe3 Rc4 26. Rfc1 Bc2) ({RR} 24. exf6 Qxf6 25. Nc5 Qd6 26. Rac1 ({RR} 26. Nxd7 Qxd7 27. f6 Rf8) 26... Rf8 27. Qe3 Rb4) ({RR} 24. Rae1 Rf8) 24... Rf8 25. Rac1 ({RR} 25. e6 Bxa4 26. Qe3 Rc4 27. Rec1 Bc2 ({RR} 27... Bb5 28. Rxc4 dxc4 29. Qc5 ({RR} 29. Nf4 Rd8) 29... Qxc5+ 30. Nxc5 Rd8)) 25... fxe5 26. Nxe5 {Gashimov,V (2758)-Caruana,F (2652) Khanty-Mansiysk 2009 CBM 134 [Caruana,Fabiano] ½-½ (31)} ({RR} 26. Rxe5 Qd6 27. Rce1 c5)) 12. Qxb3 ({RR} 12. Nxb3 O-O 13. axb5 axb5 14. Rxa8 Qxa8 15. Bg5) 12... O-O ({Actually, it would be interesting to know what he had in mind against the natural} 12... d4 {. As an adherent of the Open Variation of the Ruy Lopez, I would say that Black is more than OK here.}) ({RR} 12... d4) 13. axb5 axb5 14. Rxa8 Qxa8 15. Qxb5 Rd8 16. Qd3 Qb7 {Black has certain compensation for the sacrificed pawn, due to his pair of bishops and the lead in development.} 17. Nd4 {Just as in the previous game against Carlsen, Morozevich decides to immediately return the material. The difference is that now he gets very little in exchange.} Nxe5 18. Qe2 Bf6 19. Nxe6 fxe6 20. f4 Qb6+ 21. Kh1 Nf7 22. Nf3 c5 {Black has the more active position and the better pawn structure. His chances are preferable.} 23. g4 Re8 24. g5 Bd8 25. f5 e5 26. c4 Qa6 27. Re1 e4 28. cxd5 Qxe2 29. Rxe2 Nd6 30. Nh4 h6 31. Bf4 Nb5 32. d6 Nd4 33. Rg2 Bxg5 34. Bxg5 hxg5 35. Rxg5 Kf7 36. Rg3 Nb5 37. Rg6 Rd8 38. Re6 Nxd6 39. Re5 c4 40. Rd5 Kf6 41. Ng2 Ke7 42. Ne3 1/2-1/2

[Event "Morelia/Linares 24th"]
[Site "Morelia/Linares"]
[Date "2007.03.04"]
[Round "10"]
[White "Anand, Viswanathan"]
[Black "Carlsen, Magnus"]
[Result "1-0"]
[WhiteElo "2779"]
[BlackElo "2690"]
[Annotator "Anand,Viswanathan"]
[PlyCount "75"]
[EventDate "2007.02.17"]
[EventType "tourn"]
[EventRounds "14"]
[EventCountry "ESP"]
[EventCategory "20"]
[SourceTitle "CBM 117"]
[Source "ChessBase"]
[SourceDate "2007.03.30"]
[SourceVersion "1"]
[SourceVersionDate "2007.03.30"]
[SourceQuality "1"]

{At this stage, we were both tied in the lead with +2.} 1. e4 e5 2. Nf3 Nc6 3. Bb5 a6 4. Ba4 Nf6 5. O-O Be7 6. Re1 b5 7. Bb3 d6 8. c3 O-O 9. h3 Na5 10. Bc2 c5 11. d4 Nd7 12. d5 {Magnus choice had come as a surprise to me, so I decided not to repeat my usual systems. I had seen some games of Leko with 12.d5 and felt that it was a better try.} Nb6 13. Nbd2 g6 (13... f5 14. exf5 Bxf5 15. Bxf5 Rxf5 16. Ne4 {and Leko got an advantage against both Kramnik and Adams in 2005.}) 14. b4 {Following Leko's game against Mamedyarov.} cxb4 15. cxb4 Nac4 16. Nxc4 Nxc4 17. Bb3 $1 {Leko went for h6, but in fact there is no need for this move.} Nb6 18. Be3 {In fact, the bishop belongs on e3.} Bd7 19. Rc1 Rc8 (19... Qb8 {This may be worth considering, to first play b7 and then c8.}) 20. Rxc8 $146 ({RR} 20. Qd2 Rxc1 21. Rxc1 Qb8 22. Ng5 Rc8 23. Rxc8+ Nxc8 24. h4 Qc7 25. f4 exf4 26. Bd4 f6 27. Ne6 Bxe6 28. dxe6 f3 29. Bxf6 d5 30. e5 Qb6+ 31. Kf1 fxg2+ 32. Kxg2 Qd8 33. Qd4 Qc7 34. h5 Qc1 {Daulyte Cornette,D (2333)-Schink,B (2052) Graz 2010 1-0 (40)}) 20... Bxc8 (20... Nxc8 21. Qc2 Nb6 {comes to the same thing.}) 21. Qc2 Bd7 22. Rc1 {This forces the knight back to a8.} Na8 (22... Qb8 $2 23. Qc7 Rc8 24. Qxb8 Rxb8 25. Bxb6 Rxb6 26. Rc7) 23. Qd2 (23. Ne1 {I was initially attracted to this move, but} Bg5 24. Qd2 (24. Bxg5 Qxg5 {and here White has to deal with both c8 and xh3}) 24... Bxe3 25. Qxe3 Qb8 {though even here} (25... f5 26. Nf3 fxe4 27. Ng5 $16) 26. f4 {gives White a nice edge.}) 23... Qb8 (23... f6 24. Ne1 {with the idea to play d3 and c5!}) 24. Bg5 $1 {Exploiting the fact that f6 is impossible.} Bxg5 (24... Qd8 $1 25. Qe3 (25. Bxe7 Qxe7 26. Qe3 Rc8 $1) 25... Bxg5 26. Nxg5 Qe7 27. f4 $36) (24... Bd8 25. Bxd8 Qxd8 26. Qh6 f6 (26... Qf6 27. Ng5 Qg7 28. Qh4 Rc8 (28... Re8 29. Ne6 $1) (28... Kh8 29. Nxh7 $1 Qxh7 30. Qe7) 29. Rxc8+ Bxc8 30. Nxh7 $1) 27. Rc6 $1 Bc8 28. h4 $1 Rf7 29. h5 Rg7 (29... g5 30. Nxg5 fxg5 31. Rxd6 $16) 30. hxg6 hxg6 31. Nh4 g5 32. Nf5 Bxf5 33. exf5 {Now White's rook can never be dislodged from c6.}) 25. Nxg5 Rc8 26. Rf1 h6 27. Ne6 $1 {An aesthetically pleasing move, but White has no other way to keep the pressure.} (27. Nf3 Kg7 $11) 27... Kh7 {The best try.} (27... fxe6 28. dxe6 Be8 29. Qxh6 $1 (29. e7+ Kg7 30. Qd5 Rc4 31. Bxc4 bxc4 32. Qxc4 Nc7 33. Rc1 Nb5 34. Qc8 Qxc8 35. Rxc8 Kf7 36. Ra8 Kxe7 37. Rxa6 Nc3 {Will be very difficult technically.}) 29... Nb6 30. e7+ (30. f4 Nc4 31. f5 Qa7+ {followed by e3 is too messy.}) 30... Nc4 31. Qf8+ Kh7 32. f4 (32. Bd1 {The computer even suggests d1 winning!} Bc6 33. Qf7+ Kh6 34. f4 Rg8 35. fxe5 Nxe5 36. Qf8+ Kh7 37. Rf4 $1 {and Black has nothing better than to give up the exchange.} Rxf8 38. exf8=Q Qxf8 39. Rxf8 $18) 32... Qa8 33. Rf3 (33. f5 gxf5 34. Rxf5 Qxe4 35. Rf6 Qe3+ 36. Kh2 e4 37. Rf4 {and White wins.}) 33... Qxe4 34. f5 gxf5 35. Rg3 $18) 28. f4 Qa7+ 29. Kh2 Be8 (29... fxe6 30. dxe6 Be8 31. f5 gxf5 (31... Qd4 $2 32. Qxd4 exd4 33. f6 Nb6 34. f7 Bxf7 35. Rxf7+ Kg8 {By not taking on f5, Black has to return to g8.} 36. Rd7 Nc4 37. e7 Re8 38. Rxd6 Rxe7 39. Rxd4 Rc7 40. Rd6 $1 $18) 32. exf5 Qd4 33. Qxd4 {This is what I intended.} (33. Qe1 {This is harder to work out over the board.} e4 34. Qh4 {This seems to win.} (34. f6 Qe5+ 35. Kh1 (35. Qg3 Qxg3+ 36. Kxg3 Nb6 {Again, its not completely clear.}) 35... Bg6 36. f7 Rf8 37. Qh4 d5 $1) 34... Qe5+ 35. Kg1 e3 36. Qe7+ Qg7 37. Qxg7+ Kxg7 38. f6+ Kg8 39. Rf3 $18) 33... exd4 34. f6 Nb6 35. f7 Bxf7 36. exf7 (36. Rxf7+ Kg6 37. Rf4 d5 38. e7 Re8 39. Bc2+ Kg7 40. Rg4+ Kh8 41. Rg6 Nc4) 36... Rf8 37. Be6 $1 {Before Black can play d5 or c4} Nc4 38. Rd1 Ne5 39. Rxd4 Nxf7 40. Rf4 $1 ({Not} 40. Bxf7 $2 Rxf7 41. Rxd6 Rf4 $1 42. a3 a5 43. bxa5 Ra4) 40... Kg7 41. Bxf7 Rxf7 42. Rxf7+ Kxf7 43. Kg3 {White wins the pawn ending.} Ke6 44. Kf3 Ke5 45. g4 d5 46. h4 d4 47. g5 hxg5 48. hxg5 Kf5 49. g6 Kxg6 50. Ke4 $18) 30. f5 gxf5 31. exf5 (31. Ng5+ Kg8 32. exf5) 31... f6 (31... fxe6 32. dxe6 {would transpose to the above note}) 32. Re1 $1 {The rook is going via the 4th rank.} (32. Rf3 Bf7 33. Rg3 Rg8) 32... Nc7 (32... Nb6 33. Re4 Nc4 (33... h5 34. Qe1 Nc4 35. Bd1 $18 {Black has no defence against xh5.}) 34. Nf8+ $1) 33. Rc1 {Now White can use the pin.} Bd7 34. Rc3 e4 (34... Ne8 35. Rg3 Bxe6 {White threatened f8} 36. Rg6 $1 $18) 35. Rg3 (35. Qc1 Nxe6 36. fxe6 Rxc3 37. Qxc3 Be8 38. Qxf6) 35... Nxe6 (35... Rg8 36. Rxg8 Kxg8 37. Qxh6) 36. dxe6 Be8 37. e7 $1 Bh5 (37... Qxe7 38. Bg8+) 38. Qxd6 {In addition to being my best win in Morelia/Linares, this win gave me a one point lead in the tournament.} (38. Qxd6 Re8 39. Qxf6 Qxe7 40. Bg8+ $18) 1-0

[Event "Gausdal Classics GM"]
[Site "Gausdal"]
[Date "2007.04.18"]
[Round "1"]
[White "Kulaots, Kaido"]
[Black "Carlsen, Magnus"]
[Result "1/2-1/2"]
[WhiteElo "2525"]
[BlackElo "2693"]
[PlyCount "77"]
[EventDate "2007.04.18"]
[EventType "tourn"]
[EventRounds "9"]
[EventCountry "NOR"]
[EventCategory "12"]
[SourceTitle "CBM 118"]
[Source "ChessBase"]
[SourceDate "2007.05.31"]
[SourceVersion "1"]
[SourceVersionDate "2007.05.31"]
[SourceQuality "1"]

1. e4 e5 2. Nf3 Nc6 3. Bc4 Bc5 4. c3 Nf6 5. d3 a6 6. Nbd2 O-O 7. h3 d6 8. Bb3 Ba7 9. Nf1 Be6 10. Ng3 Bxb3 ({RR} 10... Re8 11. O-O h6 12. Be3 d5 13. Bxa7 Rxa7 14. Qe2 Ra8 15. Rad1 Qd7 16. Nh4 Na5 17. d4 exd4 18. e5 Ne4 19. Bc2 Qe7 20. Nxe4 dxe4 21. Qxe4 g6 22. cxd4 c6 23. b3 Rad8 24. Rfe1 Bd5 25. Qg4 {Kilic,E (2470)-Erten,K (2372) Novi Pazar SRB 2025 1-0 (39)}) 11. Qxb3 ({RR} 11. axb3 Ne7 12. Nh4 Kh8 13. O-O d5 14. Qe2 Qd6 15. Bg5 Qe6 16. b4 h6 17. Be3 Bxe3 18. Qxe3 Rad8 19. Ngf5 Nxf5 20. Nxf5 Rd7 21. Rfe1 dxe4 22. dxe4 Kh7 23. Ra5 b6 24. Rxa6 Rfd8 25. Qf3 g6 {Nepomniachtchi,I (2632)-Aronian,L (2768) Mainz 2009 ½-½ (32)}) 11... Qc8 $146 ({RR} 11... b5 12. O-O Ne7 13. Bg5 Ng6 14. Nh4 Nf4 15. Nhf5 Ne6 16. Be3 Nf4 17. Bxf4 exf4 18. Ne2 Nh5 19. Qd5 g6 20. Nfd4 Qf6 21. Kh1 Ng7 22. a4 b4 23. cxb4 Ne6 24. e5 dxe5 25. Nc6 Rad8 26. Qxe5 {Jurkiewicz,K (2184)-Matras Clement,A (2232) Wisla 2000 1-0 (40)}) 12. O-O Ne7 13. d4 Ng6 14. Bg5 Nd7 15. Nf5 Kh8 16. Ne7 Qe8 17. Nxg6+ fxg6 18. Qxb7 exd4 19. cxd4 Bb6 20. Qc6 h6 21. Be3 Nf6 22. Qxe8 Rfxe8 23. e5 Nd5 24. Bd2 dxe5 25. dxe5 Rad8 26. Rfd1 Kg8 27. Kf1 g5 28. Rac1 Kf7 29. Ke2 Ke6 30. Rc6+ Kf7 31. Rc4 Ne7 32. Be3 Rxd1 33. Kxd1 Ng6 34. Bxb6 cxb6 35. Rc6 Re6 36. Rc7+ Re7 37. Rc6 Re6 38. Rc7+ Re7 39. Rc6 1/2-1/2

[Event "Gausdal Classics GM"]
[Site "Gausdal"]
[Date "2007.04.21"]
[Round "4"]
[White "Jones, Gawain C B"]
[Black "Carlsen, Magnus"]
[Result "0-1"]
[WhiteElo "2518"]
[BlackElo "2693"]
[PlyCount "102"]
[EventDate "2007.04.18"]
[EventType "tourn"]
[EventRounds "9"]
[EventCountry "NOR"]
[EventCategory "12"]
[SourceTitle "CBM 118"]
[Source "ChessBase"]
[SourceDate "2007.05.31"]
[SourceVersion "1"]
[SourceVersionDate "2007.05.31"]
[SourceQuality "1"]

1. e4 c5 2. Nc3 e6 3. Nf3 Nc6 4. d4 cxd4 5. Nxd4 Nf6 6. Nxc6 bxc6 7. e5 Nd5 8. Ne4 Bb7 9. c4 Nb4 10. c5 Qb8 11. f4 Ba6 12. a3 Bxf1 13. Rxf1 Nd5 14. Qd4 Be7 15. f5 exf5 16. Rxf5 O-O 17. Bg5 Bxg5 ({RR} 17... Re8 18. O-O-O g6 19. Rf3 Bxg5+ 20. Nxg5 Qxe5 21. Qh4 h5 22. Nxf7 Qg7 23. Qf2 Re7 24. Nd6 Rf8 25. Rxf8+ Qxf8 26. Qxf8+ Kxf8 27. Rf1+ Kg7 28. Kd2 a6 29. Rf3 Nc7 30. b4 Nd5 31. h4 Nf6 32. Kd3 {Svidler,P (2698)-Erdogmus,Y (2626) Marseille FRA 2025 ½-½ (38)}) 18. Rxg5 Qb3 19. Rg3 Qc2 20. Nf6+ $146 ({RR} 20. Kf1 Rae8 21. Kg1 Re6 22. Rf1 Rg6 23. Nd6 Qe2 24. Rf2 {½-½ (24) Butkiewicz,L (2393)-Paszewski,M (2275) Ustron 2020}) ({RR} 20. Kf1 Rae8 21. Kg1 Re6 22. Rf1 Rg6 23. Nd6 Qe2 24. Rf2 {½-½ (24) Butkiewicz,L (2393)-Paszewski,M (2275) Ustron 2020}) 20... Nxf6 21. exf6 Rfe8+ 22. Kf1 g6 23. Qc3 Qe2+ 24. Kg1 Re5 25. Rf1 Rae8 26. b4 Rd5 27. Qf3 Re4 28. h3 h5 29. h4 Kh7 30. Qxe2 Rxe2 31. Rff3 Re1+ 32. Kh2 Re4 33. Rh3 Rdd4 34. Kg1 Kg8 35. Re3 Kf8 36. Rxe4 Rxe4 37. Rd3 Ke8 38. g3 Re6 39. Rf3 d6 40. cxd6 Kd7 41. Kf2 Kxd6 42. a4 Ke5 43. Re3+ Kd5 44. Rd3+ Kc4 45. Rd7 Rxf6+ 46. Ke3 Kxb4 47. Rxa7 c5 48. Rb7+ Kc3 49. a5 Re6+ 50. Kf4 c4 51. Rb6 Kd4 0-1

[Event "Gausdal Classics GM"]
[Site "Gausdal"]
[Date "2007.04.22"]
[Round "5"]
[White "Carlsen, Magnus"]
[Black "Dreev, Alexey"]
[Result "1/2-1/2"]
[WhiteElo "2693"]
[BlackElo "2633"]
[PlyCount "95"]
[EventDate "2007.04.18"]
[EventType "tourn"]
[EventRounds "9"]
[EventCountry "NOR"]
[EventCategory "12"]
[SourceTitle "CBM 118"]
[Source "ChessBase"]
[SourceDate "2007.05.31"]
[SourceVersion "1"]
[SourceVersionDate "2007.05.31"]
[SourceQuality "1"]

1. e4 c5 2. Nf3 Nc6 3. d4 cxd4 4. Nxd4 Nf6 5. Nc3 d6 6. Bg5 Bd7 7. Qd2 Rc8 8. O-O-O Nxd4 9. Qxd4 Qa5 10. Bd2 a6 11. f3 g6 ({RR} 11... e5 12. Qd3 b5 13. a3 Be6 14. Nd5 Qd8 15. Nxf6+ Qxf6 16. Kb1 Qd8 17. Bb4 Rc6 18. Qd2 Be7 19. g3 O-O 20. f4 Bg4 21. Be2 Bxe2 22. Qxe2 Qc7 23. fxe5 dxe5 24. Bxe7 Qxe7 25. Rd5 b4 26. a4 {Duda,J (2732)-Saric,I (2657) Zagreb CRO 2023 1-0 (57)}) ({RR} 11... Qc5 12. Qd3 e6 13. g4 Be7 14. h4 b5 15. Be3 Qc7 16. Kb1 b4 17. Ne2 d5 18. e5 Bb5 19. Qd2 Nd7 20. f4 Nc5 21. Ng3 Bxf1 22. Rdxf1 Na4 23. Ne2 Qa5 24. Bd4 h5 25. g5 g6 26. Rh3 {Kurmangaliyeva,L (2272)-Shtembuliak,E (2620) chess.com INT 2025 0-1 (46)}) 12. Bc4 Qc5 $146 ({RR} 12... Bg7 13. Bb3 Qc5 14. Qxc5 Rxc5 15. g4 Be6 16. Be3 Rc6 17. Nd5 Bxd5 18. exd5 Rc8 19. Rhe1 Nd7 20. h3 h5 21. g5 Rf8 22. c3 b5 23. Kb1 Ne5 24. f4 Nc4 25. Bc1 Kd8 26. Bc2 Rc7 27. Re2 {Swati,G (2385)-Poobesh Anand,S (2416) Atul 2006 0-1 (61)}) 13. Qxc5 Rxc5 14. Bb3 h5 15. Kb1 Bh6 16. Be1 O-O 17. Bf2 Rcc8 18. Bd4 Bg7 19. Rhe1 Rfe8 20. Bxf6 Bxf6 21. Nd5 Bg7 22. Nb6 Rcd8 23. Nxd7 Rxd7 24. e5 e6 25. Rxd6 Rxd6 26. exd6 Rd8 27. Rd1 Be5 28. d7 Kf8 29. c4 Bxh2 30. c5 Ke7 31. Ba4 Bc7 32. b4 g5 33. b5 axb5 34. Bxb5 f5 35. Kc2 g4 36. fxg4 fxg4 37. Rh1 Rh8 38. Be2 Kxd7 39. Bxg4 Ra8 40. Bf3 Rxa2+ 41. Kb3 Ra5 42. Rxh5 Bd8 43. Kc4 Ra4+ 44. Kc3 Ra3+ 45. Kb4 Ra1 46. Rh7+ Be7 47. Kb5 Rc1 48. Rh5 1/2-1/2

[Event "Gausdal Classics GM"]
[Site "Gausdal"]
[Date "2007.04.23"]
[Round "6"]
[White "Rozentalis, Eduardas"]
[Black "Carlsen, Magnus"]
[Result "1/2-1/2"]
[WhiteElo "2578"]
[BlackElo "2693"]
[PlyCount "46"]
[EventDate "2007.04.18"]
[EventType "tourn"]
[EventRounds "9"]
[EventCountry "NOR"]
[EventCategory "12"]
[SourceTitle "CBM 118"]
[Source "ChessBase"]
[SourceDate "2007.05.31"]
[SourceVersion "1"]
[SourceVersionDate "2007.05.31"]
[SourceQuality "1"]

1. e4 c5 2. Nf3 Nc6 3. Bb5 e6 4. Bxc6 bxc6 5. O-O Ne7 6. Re1 Ng6 7. c3 Be7 8. d4 O-O 9. Be3 cxd4 10. cxd4 f5 11. Nc3 Ba6 12. b3 $146 ({RR} 12. e5 Nh4 13. Nxh4 Bxh4 14. g3 Be7 15. Rc1 Rb8 16. Qa4 Bc8 17. Qc2 a5 18. Na4 g5 19. f4 gxf4 20. Bxf4 Rb4 21. Rcd1 Ba6 22. b3 Kh8 23. Nc5 Bc8 24. Rf1 Rg8 25. a3 Rb8 26. Qc3 Rb5 {Segal,A (2190)-Ankerst,M (2195) Manila 1992 0-1 (62)}) 12... Bb4 13. Bd2 Nf4 14. Na4 Bxd2 15. Qxd2 fxe4 16. Rxe4 Qf6 17. Re3 Qg6 18. Ne1 Qg5 19. Rd1 Qh5 20. f3 d6 21. Nb2 c5 22. Re4 Qf5 23. Nbd3 Nxd3 1/2-1/2